| 000 | 00571nam a2200145Ia 4500 | ||
|---|---|---|---|
| 008 | 170221s9999 xx 000 0 und d | ||
| 100 | _aMansfield, Phylis M. | ||
| 245 | _aConsumers and credit cards: A review of the empirical literature | ||
| 245 | _cPhylis M. Mansfield, Penn State University – Erie; Mary Beth Pinto, Penn State University – Erie; Cliff A. Robb, University of Alabama. | ||
| 260 | _bJournal of Management and Marketing Research | ||
| 260 | _c2014 | ||
| 300 | _a8 : | ||
| 650 | _xBusiness | ||
| 856 | _uhttp://www.aabri.com/manuscripts/121261.pdf | ||
| 999 |
_c313202 _d313202 |
||